000 00815nam0a22002651 4500
001 v19\rc\1964168
005 20251118181027.8
035 _a(NLR Aleph) 005047622
090 _a6860297
_c6860297
100 _a20080428d1913 u y0rusy50 ca
101 0 _arus
102 _aRU
105 _ay z |||a|
200 1 _aПроказница нянька, или Любовная шутка
_eРассказ Хр. Шухмина
210 _aМосква
_cА.С. Балашов
_d1913
215 _aXVI с.
_d17
517 0 _aЛюбовная шутка
700 1 _aШухмин
_bХ.А.
_gХристофор Алексеевич
801 0 _aRU
_bNLR
_gpsbo
801 0 _aRU
_bRuMoRGB
_2psbo
801 1 _aRU
_bProSoft-M
_2rusmarc
852 _aNLR
_j40.18.9.406
899 _aRuMoRGB
_jМК
942 _cBOOK
980 _aNB